Sports Quiz

Random Sports or World Quiz
Score 0/63 Timer 10:00
0 Plays Today
Section Answer % Correct
CountriesAustralia
95%
CountriesNew Zealand
93.5%
CountriesEngland
93%
CountriesIreland
83.6%
CountriesSamoa
83.6%
CountriesScotland
83.6%
CountriesTonga
83.1%
CoachesCharlie Tonga
83.1%
CountriesWales
83.1%
CountriesFiji
82.6%
CountriesFrance
79.6%
CountriesUnited States
79.1%
CountriesItaly
69.2%
CountriesPapua New Guinea
68.7%
CaptainsCameron Smith
65.7%
CountriesCook Islands
63.2%
VenuesWembley
50.7%
VenuesOld Trafford
44.8%
CaptainsKevin Sinfield
44.3%
CoachesTim Sheens
42.3%
CoachesStephen Kearney
37.3%
CoachesSteve McNamara
37.3%
CaptainsSimon Mannering
34.3%
VenuesDW Stadium
33.3%
VenuesHeadingley
31.3%
VenuesKC Stadium
27.4%
VenuesJohn Smith's Stadium
24.9%
CaptainsDanny Brough
22.4%
VenuesLangtree Park
19.9%
CoachesSteve McCormack
18.4%
VenuesCraven Park
16.4%
VenuesHalliwell Jones Stadium
16.4%
Section Answer % Correct
CoachesAdrian Lam
14.9%
CaptainsAnthony Minichiello
14.9%
CaptainsJoseph Paulo
14.9%
CoachesIestyn Harris
14.9%
CaptainsPetero Civoniceva
13.9%
VenuesLeigh Sports Village
13.9%
VenuesMillennium Stadium
13.4%
CoachesRichard Agar
12.9%
CaptainsLiam Finn
12.4%
VenuesDerwent Park
12.4%
CoachesMark Aston
10.9%
VenuesRacecourse Stadium
9.5%
VenuesThe Shay
9.5%
CaptainsOlivier Elima
9%
VenuesMemorial Stadium
9%
CoachesMatt Parish
8.5%
CoachesTerry Matterson
8.5%
CaptainsCraig Kopczak
8.5%
VenuesStade Gilbert Brutus
7.5%
CoachesRick Stone
7%
CaptainsZeb Taia
7%
VenuesSalford City Stadium
7%
VenuesThomond Park
7%
CaptainsNeville Costigan
6.5%
VenuesSpotland Stadium
6.5%
CaptainsHarrison Hansen
6%
CaptainsBrent Kite
5.5%
CoachesDavid Fairleigh
4.5%
CoachesCarlo Napolitano
3.5%
VenuesThe Gnoll
3%
VenuesParc des Sports
2.5%
Remove Ads.
Support Sporcle.
Get the best of Sporcle when you Go Orange. This ad-free experience offers more features, more stats, and more fun while also helping to support Sporcle. Thank you for becoming a member.

You're not logged in!

Compare scores with friends on all Sporcle quizzes.
OR
Log In

Show Comments

Extras

Top Quizzes Today


Score Distribution

Your Account Isn't Verified!

In order to create a playlist on Sporcle, you need to verify the email address you used during registration. Go to your Sporcle Settings to finish the process.

Report this User

Report this user for behavior that violates our Community Guidelines.

Details: